MARC

LEADER 00000nam0a2200000 4500
001 21867
005 20231101205446.0
010 |a 5756702288 
035 |a (RuTPU)RU\TPU\book\22076 
035 |a BOOK00022146 
090 |a 21867 
100 |a 20011209d1999 m y0rusy50 ca 
101 0 |a rus 
102 |a RU 
105 |a y j 000zy 
200 1 |a Введение в политологию  |e учебник для вузов  |f В. П. Пугачев, А. И. Соловьев 
205 |a 3-е изд., перераб. и доп. 
210 |a Москва  |c Аспект Пресс  |d 1999 
215 |a 447 с. 
606 1 |a Политология  |2 stltpush  |3 (RuTPU)RU\TPU\subj\50495  |9 69168 
610 1 |a политика 
610 1 |a политическая наука 
610 1 |a власть 
610 1 |a политические системы 
610 1 |a демократия 
610 1 |a политические институты 
610 1 |a политическая идеология 
610 1 |a культура 
610 1 |a выборы 
610 1 |a учебные пособия 
686 |a Ф011.6я73  |v LBC/SL-A  |2 rubbk 
700 1 |a Пугачев  |b В. П.  |g Василий Павлович 
701 1 |a Соловьев  |b А. И.  |g Александр Иванович 
801 0 |a RU  |b 63413507  |c 20011209  |g PSBO 
801 2 |a RU  |b 63413507  |c 20220527  |g PSBO 
900 |a Политология 
900 |a Конфликтология 
942 |c BK